Modernización laboral 2026 : Ley 27.802 /

Guardado en:
Otros Autores: Pinto Varela, Silvia E., Pérez, Daniel G., Barbieri, Pablo J., Podestá, Luciano., Pérez, Emiliano Alberto., Aquino, Marcelo., De Manuele, Abel Nicolás., Maza, Miguel Ángel.
Formato: Libro
Idioma:Undetermined
Publicado: Ciudad Autónoma de Buenos Aires : La Ley, 2026.
Edición:1a. ed.
Materias:
Etiquetas: Agregar Etiqueta
Sin Etiquetas, Sea el primero en etiquetar este registro!
LEADER 00947nam a22002775a 4500
001 DER.der015724
008 260504s2026####xx############000#0#und#d
005 20260505124940.0
245 1 0 |a Modernización laboral 2026 :  |b Ley 27.802 /  |c dirigido por Héctor César Guisado y Liliana Hebe Litterio. 
250 |a 1a. ed. 
260 |a Ciudad Autónoma de Buenos Aires :  |b La Ley,  |c 2026. 
300 |a 464 p. 
020 |a 9789870351139 
700 1 |a Guisado, Héctor César,  |e dir. 
700 1 |a Litterio, Liliana Hebe,  |e dir. 
700 1 |a Pinto Varela, Silvia E. 
700 1 |a Pérez, Daniel G. 
700 1 |a Barbieri, Pablo J. 
700 1 |a Podestá, Luciano. 
700 1 |a Pérez, Emiliano Alberto. 
700 1 |a Aquino, Marcelo. 
700 1 |a De Manuele, Abel Nicolás. 
700 1 |a Maza, Miguel Ángel. 
650 7 |a DERECHO LABORAL 
859 |a DERECHO  |b BIB. DERECHO  |h 344.01  |i MOD  |p 0010811 
859 |a DERECHO  |b BIB. DERECHO  |h 344.01  |i MOD  |p 0010812  |t 1